Nezaměstnanost: Trápí víc starý kontinent. Srovnání se světem - ČR má jednu z nejnižších nezaměstnaností v Evropě.
Miera nezamestnanosti v trhovej ekonomike. Pôsobenie Medzinárodného menového fondu a Svetovej banky na odstraňovanie nezamestnanosti nie je úspešné. Porovnanie miery nezamestnanosti v jednotlivých krajinách - Nemecko, V. Británia, Francúzsko, Taliansko, USA.
Salvato in:
| Autore principale: | |
|---|---|
| Natura: | Capitolo di libro |
| Lingua: | ceco |
| Soggetti: | |
| Tags: |
Nessun Tag, puoi essere il primo ad aggiungerne!!
|
MARC
| LEADER | 00000naa a2200000 4500 | ||
|---|---|---|---|
| 001 | r012207 | ||
| 005 | 20220826092548.8 | ||
| 041 | 0 | |a cze | |
| 044 | |a CZ | ||
| 245 | 1 | 0 | |a Nezaměstnanost: Trápí víc starý kontinent. |b Srovnání se světem - ČR má jednu z nejnižších nezaměstnaností v Evropě. |c J. Kořen |
| 520 | |a Miera nezamestnanosti v trhovej ekonomike. Pôsobenie Medzinárodného menového fondu a Svetovej banky na odstraňovanie nezamestnanosti nie je úspešné. Porovnanie miery nezamestnanosti v jednotlivých krajinách - Nemecko, V. Británia, Francúzsko, Taliansko, USA. | ||
| 610 | 2 | 0 | |a nezamestnanosť |
| 610 | 2 | 0 | |a Čechy |
| 610 | 2 | 0 | |a porovnanie štatistické medzinárodné |
| 100 | 1 | |a Kořen, J. | |